000 00678nam a2200229 a 4500
001 BRCA_4037
005 20190320204525.0
008 110210s1961----nyu#######---#000-0#eng-#
041 _aeng
044 _anyu
050 4 _aHQ562
_b.L49 1961
100 1 _aLewis, Oscar.
_910487
245 1 0 _aThe Children of Sanchez
_bAutobiography of a Mexican Family
_cOscar Lewis.
260 _aNueva York
_bVintage Books
_cc1961
300 _a499 p.
_c21 cm.
500 _aCEF25
650 1 4 _aFamilia
_eMéxico
_vEstudios de casos
_xAntropología
_910488
650 1 4 _aPobresa
_eCiudad de México
_910489
651 4 _aMéxico
_vCondiciones sociales
_910490
902 _aGFM
942 _2lcc
_cB
999 _c3761
_d3761